00727nam a2200217Ia 4500003000900000008004100009020001800050040001600068080001400084100002900098245009100127260003800218300001600256650004100272650002400313650003100337650002900368942000700397999001500404952009000419IN-BaIIA211028s9999 xx 000 0 eng d a0-471-07720-8 cIIA Library a535.8bDE aDe Vany, Arthur S911894 0aMaster optical techniquescArthur S De Vany  aNew YorkbJohn Wiley & Sonsc1981 aviii, 600p. aAstronomy and astrophysics thesaurus aOptical instruments aOptical measurements97410 aOptical techniques95534 cBK c6943d6943 00104070aBANbBANcGENd1981-11-20l0o535.8/ DEp7717r2021-11-05w1981-11-20yBK